000 00988nam a22003017a 4500
001 7250
003 FISKH
005 20250704105148.0
008 250704b cb ||||| |||| 00| 0 eng d
020 _a9780152002411
040 _aFISKH
_beng
_cFISKH
_dFISKH
050 _aPZ7.R982 M
082 _a813.54
100 _aRylant, Cynthia
_d(1954-)
245 _aMr. Putter & Tabby write the book /
_cCynthia rylant ; Illustrated by Arthur Howard
250 _aThis edition first published in 2005
260 _aFlorida :
_bHarcourt,
_c2004
300 _a38 pages :
_bcolor illustrations ;
_c23 cm
505 _aN
520 _aDuring a big snow, Mr. Putter decides to write a mystery novel, but what he ends up with is entirely different.
521 8 _a570
_bLexile
521 8 _aN
_bRaz-Plus
650 _2Mr. Putter and Tabby
_aAuthorship
650 _2Easy reader
_aWintering inside
700 _aHoward, Arthur
_dillustrator
942 _2ddc
_cBK
_n0
999 _c7250
_d7250